| 000 | 00499nam a22001457a 4500 | ||
|---|---|---|---|
| 005 | 20250717101709.0 | ||
| 008 | 250717b |||||||| |||| 00| 0 eng d | ||
| 050 |
_aTHE HF 5549.5 .I 5M68 2012 _bC.1 |
||
| 100 | _aMOTURI, VINPER NYANG'ATE | ||
| 245 |
_aAN EVALUATION OF THE EXTENT OF DELEGATION OF DUTY AND ITS EFFECT ON EMPLOYEE SATISFACTION _bCASE STUDY OF KISII UNIVERSITY COLLEGE |
||
| 260 |
_aKISII _bKSU _c2012 |
||
| 300 | _aXI, 25P., ILL: | ||
| 500 | _aINCLUDES REFERENCES | ||
| 942 |
_2lcc _cREF |
||
| 999 |
_c215913 _d215913 |
||